000 00278nam a22001337a 4500
008 190205b xxu||||| |||| 00| 0 eng d
020 _a0500276056
041 _aeng
080 _a902
100 _a45
101 _aARK
245 _aArchaeology
_cRenfrew, C
942 _2udc
_cBK
999 _c54009
_d54009